mysqli: Table './ulib62015/stat_globaluid' is marked as crashed and should be repaired
select id from stat_globaluid where statuid='20260517170513_4748'
mysqli: Table './ulib62015/stat_globaluid' is marked as crashed and should be repaired
DELETE FROM stat_globaluid
WHERE id NOT IN (
SELECT id
FROM (
SELECT id
FROM stat_globaluid
ORDER BY id DESC
LIMIT 100
) foo
);
mysqli: Table './ulib62015/stat_globaluid' is marked as crashed and should be repaired
insert into stat_globaluid set
statuid='20260517170513_4748',
dt='1779012313',
phpself='/ULIB62015/dublinfull.php',
agent='Mozilla/5.0 AppleWebKit/537.36 (KHTML, like Gecko; compatible; ClaudeBot/1.0; +claudebot@anthropic.com)',
yea='2026',
mon='5',
dat='17',
ip='216.73.216.45'
mysqli: Table './ulib62015/stathist_viewbib_bib_type' is marked as crashed and should be repaired
insert into stathist_viewbib_bib_type set
dat='17' ,
mon='05' ,
yea='2026' ,
statuid='20260517170513_4748' ,
head='13399107815' ,
foot='marc' ,
dt='1779012313'
| LEADER : 00000nam 2200000uu 4500 |
| 008 101221s||||||||th 000 0 tha d |
| 020 0-683-06212-3
|
| 060 4 WB18^bI635 1991
|
| 245 00 Introduction to clinical medicine /^c[edited by] Janice L.Willms, Judy Lewis
|
| 260 Baltimore, MD :^bWilliams & Wilkins,^cc1991
|
| 300 xiii, 260 p. :^bill
|
| 440 4 The National medical series for independent study
|
| 504 Includes index
|
| 650 2 CLINICAL MEDICINE^xEXAMINATION QUESTIONS
|
| 700 1 Willms, Janice L.,^eed
|
| 700 1 Lewis, Judy,^eed
|
| 945 ^p0^l0^i014232
|
| 945 ^p0^l0^i014298 |
| 999 ^aบรรณารักษ์
|
| คุณยังไม่ได้ล็อกอิน คุณสามารถมีกิจกรรมร่วมกับเว็บไซต์ได้ แต่ต้องล็อกอินก่อน :: |
|
|
|
|
ยังไม่เคยถูกคอมเมนท์
|
| คอมเมนท์ทรัพยากรรายการนี้ |
|